Music Quiz

Random Music or Rap Quiz

Jay-Z Slot Machine Quiz Stats

 Plays Quiz not verified by Sporcle

Score 0/55 Timer 09:00
0 Plays Today
% Correct
Hard
93.6%
N*****
91.5%
Public
85.1%
Excuse
83%
Girls
78.7%
Friend
78.7%
Run
76.6%
Nickels
74.5%
Moment
70.2%
Justify
68.1%
Money
68.1%
Dead
63.8%
Made
63.8%
Venus
61.7%
Illest
59.6%
Politics
57.4%
Guns
53.2%
Streets
51.1%
Gotta
51.1%
The
48.9%
Coming
48.9%
Jigga
46.8%
Beach
46.8%
Somewhere
44.7%
Can
44.7%
Diamond
42.6%
Meet
42.6%
Where
42.6%
% Correct
Parking
40.4%
Ride
40.4%
My
38.3%
The
38.3%
Dig
38.3%
Bring
36.2%
Soon
34%
B******
31.9%
That's
31.9%
Hello
29.8%
U
27.7%
Change
27.7%
Ain't
27.7%
Do
27.7%
Pop
25.5%
All
23.4%
A
21.3%
Some
19.1%
Oh
19.1%
It's
19.1%
F***
17%
Show
14.9%
2
12.8%
Shake
10.6%
It
8.5%
Get
8.5%
I
6.4%

You're not logged in!

Compare scores with friends on all Sporcle quizzes.
OR
Log In

Sporcle TV

Today on Sporcle TV


Watch our educational content, quiz creation guides, and fun videos on Sporcle TV.

Show Comments

Extras

Top Quizzes Today


Score Distribution

Your Account Isn't Verified!

In order to create a playlist on Sporcle, you need to verify the email address you used during registration. Go to your Sporcle Settings to finish the process.

Report this User

Report this user for behavior that violates our Community Guidelines.

Details: